Fc Porto - Tous les joueurs de 2010 à 2025 - Statistiques

Statistiques générales
  • Ce quiz a été pris 535 fois
    133 depuis la dernière actualisation
  • Le résultat moyen est 72 sur 187
Statistiques - réponses
Saisons Nationalité Joueur Nombre
De Matchs
Poste % Correct
2019 - Portugal DiogoCosta 197 G
91%
2018 - 2024 Portugal Pepe 201 D
91%
2021 - Brésil Pepe 192 A
91%
2015 - 2018 Portugal JoséSá 27 G
84%
2014 - 2019 Algérie YacineBrahimi 215 A
84%
2014 - 20152016 - 2023 Portugal Otávio 281 M/A
81%
2023 - 2025 Brésil Otavio 45 D
81%
2015 - 2022 Mexique JesusCorona 287 A
80%
2013 - 2019 Mexique HéctorHerrera 245 M
78%
2015 - 2020 Espagne IkerCasillas 156 G
78%
2010 - 2011 Colombie RadamelFalcao 42 A
78%
2020 - 2024 Iran MehdiTaremi 182 A
77%
2010 - 2013 Colombie JamesRodríguez 108 M
73%
2019 - 2020 Portugal FábioSilva 21 A
71%
2015 - 20162017 - 2021 Mali MoussaMarega 190 A
71%
2023 - Argentine AlanVarela 91 M
70%
2015 - 2017 Portugal AndréSilva 58 A
70%
2011 - 2015 Brésil Danilo 140 D
70%
2012 - 2015 Colombie JacksonMartínez 136 A
70%
2010 - 2012 Brésil Hulk 92 A
68%
2014 - 20182019 - 2025 Espagne IvanMarcano 268 D
68%
2010 - 20142015 - 2017 Portugal SilvestreVarela 206 A
68%
2024 - Portugal RodrigoMora 35 M
67%
2021 - Canada StephenEustaquio 139 M
67%
2014 - 20162017 - 2020 Cameroun VincentAboubakar 125 A
67%
2017 - 20202021 - 2023 Portugal BrunoCosta 47 M
66%
2015 - 2020 Portugal DaniloPereira 202 M
66%
2013 - 2015 Portugal RicardoQuaresma 67 A
65%
2019 - 20202021 - 2022 Portugal Vitinha 59 M
65%
2018 - 2022 RépubliqueDémocratique Du Congo ChancelMbemba 138 D
62%
2010 - 2016 Brésil Helton 179 G
62%
2020 - 2024 Espagne ToniMartínez 140 A
62%
2020 - 20222023 - 2024 Portugal FranciscoConceiçao 93 A
59%
2019 - 2022 Colombie LuisDíaz 125 A
59%
2011 - 2015 Brésil AlexSandro 137 D
57%
2016 - 2020 Brésil AlexTelles 195 D
57%
2011 - 2014 France EliaquimMangala 95 D
57%
2017 - 20182021 - 2025 Brésil Galeno 153 A
57%
2010 - 2013 Portugal JoaoMoutinho 140 M
57%
2015 - 2022 Portugal SergioOliveira 174 M
57%
2020 - Nigéria ZaiduSanusi 128 D
57%
2015 - 2018 Portugal AndréAndré 94 M
56%
2019 - 2022 Argentine AugustínMarchesín 94 G
56%
2022 - 2023 Portugal RodrigoConceiçao 25 D
56%
2014 - 20152016 - 2019 Espagne ÓliverTorres 146 M
54%
2013 - 20152017 - 2018 Portugal RicardoPereira 77 D
54%
2020 - Portugal ClaudioRamos 33 G
53%
2010 - 2012 Uruguay CristianRodríguez 45 M
53%
2015 - 2017 Panama IsmaelDíaz 1 A
53%
2019 - 2025 Portugal JoaoMário 181 D
52%
2012 - 2013 Sénégal AbdoulayeBa 23 D
51%
2017- 2019 Portugal AndréPereira 24 A
51%
2015 - 2018 Mexique MiguelLayún 80 D
51%
2019 - 2020 Cap - Vert Zé Luís 32 A
51%
2010 - 2012 Uruguay ÁlvaroPereira 73 D/M
49%
2019 - 20222024 - 2025 Portugal FábioVieira 118 M
49%
2019 - 2023 Colombie MatheusUribe 176 M
49%
2023 - 2025 Espagne NicoGonzalez 68 M
49%
2024 - Turquie DenizGul 23 A
48%
2024 - Portugal FranciscoMoura 39 D
48%
2011 - 2014 Argentine LuchoGonzález 86 M
48%
2020 - 2025 Croatie MarkoGrujic 140 M
48%
2023 - Portugal MartimFernandes 43 D
48%
2015 - 2019 Uruguay MaximilianoPereira 130 D
48%
2016 - 2020 Brésil TiquinhoSoares 140 A
48%
2018 - 2019 Brésil ÉderMilitao 47 D
47%
2020 - 2024 Brésil Evanilson 154 A
47%
2016 - 2019 Brésil Felipe 142 D
47%
2010 - 2014 Argentine NicolásOtamendi 125 D
47%
2019 - 2021 Japon ShoyaNakajima 37 M/A
47%
2021 - 2025 Angleterre DannyNamaso 106 A
46%
2016 - 2017 Portugal DiogoJota 38 A
46%
2014 - 2017 Portugal RúbenNeves 93 M
46%
2010 - 2016 Brésil Maicon 178 D
44%
2014 - 2015 Brésil Casemiro 41 M
43%
2010 - 2014 Brésil Fernando 157 M
43%
2024 - Argentine NehuenPerez 39 D
43%
2011 - 2014 Belgique StevenDefour 113 M
43%
2014 - 2016 Pays - Bas BrunoMartins Indi 71 D
42%
2021 - 2025 Portugal ZéPedro 50 D
42%
2016 - 2017 Belgique LaurentDepoitre 13 A
41%
2010 - 2011 Argentine MarianoGonzález 14 M
41%
2024 - Argentine TomasPerez 8 M
41%
2010 - 2012 Roumanie CristianSapunaru 62 D
39%
2012 - 20152017 - 2019 Brésil Fabiano 73 G
39%
2017 - 2018 Portugal JorgeFernandes 1 D
39%
2012 - 20152016 - 2017 Brésil Kelvin 25 A
39%
2013 - 20152017 - 2018 Mexique DiegoReyes 47 D
38%
2010 - 2012 Colombie FredyGuarín 55 M
38%
2014 - 20152016 - 2017 2018- 2019 Espagne AdriánLópez 52 A
37%
2021 - 2025 Portugal GonçaloBorges 88 A
37%
2010 - 2014 Uruguay JorgeFucile 43 D
37%
2024 - Brésil WilliamGomes 11 A
37%
2014 - 2016 Espagne CristianTello 57 A
35%
2021 - 2024 Portugal FábioCardoso 78 D
35%
2015 - 2016 Portugal FranciscoRamos 4 M
35%
2013 - 2014 Portugal Licá 36 A
35%
2018 - 2023 Portugal WilsonManafá 130 D
35%
2013 - 20152016 - 2017 Colombie Juan FernandoQuintero 64 M
34%
2022 - 2024 Brésil Wendel 2 A
34%
2012 - 2013 Ghana ChristianAtsu 31 A
33%
2010 - 2013 Portugal Rolando 89 D
33%
2016 - 2017 Portugal RuiPedro 13 A
33%
2018 - 2021 Portugal DiogoLeite 51 D
32%
2023 - 2025 Espagne IvanJaime 44 M
32%
2011 - 2013 Paraguay JuanIturbe 10 A
32%
2015 - 2016 Italie Pablo DanielOsvaldo 12 A
32%
2024 - Espagne SamuAghehowa 45 A
32%
2015 - 2016 RépubliqueDémocratique Du Congo GianelliImbula 21 M
30%
2022 - 2025 Portugal VascoSousa 16 M
30%
2022 - 2025 Portugal AndréFranco 71 M
29%
2022 - 2024 Angola DavidCarmo 28 D
29%
2017 - 2018 Portugal DiogoDalot 8 D
29%
2018 - 2021 Sénégal MamadouLoum 23 M
29%
2020 - 2022 Guinée - Bissau Nanu 21 D
29%
2024 - 2025 Portugal Tiago Djalo 17 D
29%
2010 - 2012 Argentine FernandoBelluschi 73 M
28%
2018 - 2019 Brésil JoaoPedro 3 D
28%
2020 - 2021 France MalangSarr 19 D
28%
2011 - 2012 Autruche MarcJanko 12 A
28%
2019 - 20212023 - Portugal RomárioBaró 51 M
28%
2021 - 2025 Brésil Wendell 109 D
28%
2022 - 2024 Brésil GabrielVeron 26 A
27%
2013 - 2014 Portugal Josué 35 M
27%
2013 - 2014 Algérie NabilGhilas 35 A
27%
2023 - 2024 Mexique JorgeSanchez 23 D
25%
2012 - 2013 Portugal Liedson 7 A
25%
2010 - 2012 Brésil Walter 33 A
25%
2020 - 2021 Brésil FelipeAnderson 10 A
24%
2014 - 20152017 - 2018 Portugal GonçaloPaciencia 16 A
24%
2023 - Portugal GonçaloSousa 1 A
24%
2017 - 2018 Ghana Abdul MajeedWaris 8 A
23%
2010 - 2011 Portugal RúbenMicael 36 M
23%
2022 - 2023 Nigéria AbrahamMarcus 1 A
22%
2015 - 2016 France AlyCissokho 3 D
22%
2013 - 2014 Brésil CarlosEduardo 30 M
22%
2010 - 20112012 - 2013 Portugal Castro 30 M
22%
2014 - 2015 Espagne JoséCampana 6 M
22%
2011 - 2013 Brésil Kléber 42 A
22%
2018 - 2019 Tchad Marius 2 A
22%
2019 - 2020 Portugal TomásEsteves 3 D
22%
2010 - 2011 Portugal Beto 12 G
20%
2014 - 2017 Brésil Evandro 58 M
20%
2018 - 20192021 - 2023 Brésil FernandoAndrade 23 A
20%
2023 - 2025 Espagne FranNavarro 17 A
20%
2015 - 2016 CoréeDu Sud Hyun - JunSuk 14 A
20%
2017 - 2019 Brésil VanáAlves 10 G
20%
2014 - 20152017 - 2019 Portugal Hernani 52 A
19%
2014 - 2015 Portugal IvoRodrigues 1 A
19%
2012 - 2014 Russie MaratIzmailov 16 M
19%
2012 - 2013 Portugal MiguelLopes 8 D
19%
2019 - 2020 Argentine RenzoSaravia 6 D
19%
2010 - 2012 Brésil Souza 39 M
19%
2021 - 2024 Portugal FranciscoMeixedo 1 G
18%
2017 - 2018 Vénézuéla YordanOsorio 1 D
18%
2014 - 2015 Espagne AndrésFernández 4 G
16%
2012 - 2014 Colombie HéctorQuinónes 1 D
16%
2013 - 2014 Portugal Tozé 1 M
16%
2015 - 20162018 - 2019 Nigéria ChidozieAwaziem 15 D
15%
2021 - 2024 Portugal JoaoMendes 11 D
15%
2019 - 2020 Sénégal MouhamedMbaye 1 G
15%
2021 - 2022 Portugal RúbenSemedo 2 D
15%
2010 - 2011 Portugal Ukra 8 A
15%
2013 - 2016 Vénézuéla VíctorGarcía 7 D
15%
2018 - 2019 Brésil Jorge 3 D
14%
2016 - 2017 CoteD'ivoire WillyBoly 8 D
14%
2011 - 2012 Angola Djalma 20 A
13%
2011 - 2012 Angola Kadú 2 G
13%
2021 - 2024 Portugal BernardoFolha 14 M
11%
2015 - 2016 Chili IgorLichnovsky 3 D
11%
2013 - 2014 RépubliqueDémocratique Du Congo JorisKayembe 1 D
11%
2018 - 2019 Pays - Bas RiechedlyBazoer 3 M
11%
2015 - 2016 Espagne AlbertoBueno 8 A
10%
2016 - 2017 Brésil Inácio 1 D
10%
2021 - 2023 Brésil JoaoMarcelo 2 D
10%
2010 - 2011 Pologne PawelKieszek 4 G
10%
2014 - 2016 Espagne Cote 29 D
9%
2016 - 2017 Portugal FernandoFonseca 1 D
9%
2010 - 2011 Portugal HenriqueSereno 13 D
9%
2016 - 2017 Portugal Joao CarlosTeixeira 10 M
9%
2017 - 2018 Brésil Luizao 1 M
9%
2013 - 2014 Nigéria MikelAgu 2 M
9%
2017 - 2018 Brésil Paulinho 3 M
9%
2012 - 2013 Brésil Sebá 5 A
9%
2020 - 2021 Portugal Carraça 3 D
8%
2011 - 2012 Brésil RafaelBracali 7 G
6%
2010 - 2013 Portugal EmídioRafael 11 D
4%
Aucun quiz correspondant
Distribution des résultats
% des personnes avec chaque résultat
Percentile par nombre de réponses
Votre historique - résultats
Vous n’avez pas pris ce quiz depuis la dernière actualisation